Webová aplikácia pre podporu efektívneho fungovania ambulancie lekára

Gespeichert in:
Bibliographische Detailangaben
1. Verfasser: Slabej, Tomáš, 1988- (Verfasst von)
Weitere Verfasser: Rozinajová, Viera, 1959- (Betreuung Doktorarbeit)
Format: Manuskript Buch
Sprache:Slowakisch
Veröffentlicht: Bratislava : STU v Bratislave FIIT, 2010
Schlagworte:
Online-Zugang:VAIS
Tags: Tag hinzufügen
Keine Tags, Fügen Sie das erste Tag hinzu!

MARC

LEADER 00000ntm a22000003a 4500
001 stu220608
005 20150617230119.2
008 110128s2010----xo------------------slo-d
040 |a STU  |b slo 
041 0 |a slo 
044 |a xo 
100 1 |a Slabej, Tomáš,  |d 1988-  |4 aut  |u I  |T FIIT Fakulta informatiky a informačných technológií  |X 36232  |U I  |Y 70  |7 A000036232 
242 0 0 |a Web application supporting effective operation of medical ambulance  |y eng 
245 1 |a Webová aplikácia pre podporu efektívneho fungovania ambulancie lekára 
260 |a Bratislava :  |b STU v Bratislave FIIT,  |c 2010 
300 |a 83 s 
650 7 |a informatika  |2 stusub 
650 7 |a Informatics  |2 estusub 
700 1 |a Rozinajová, Viera,  |d 1959-  |4 ths  |u I200  |U FIIT Fakulta informatiky a informačných technológií  |T FIIT Ústav informatiky a softvérového inžinierstva  |X 110  |U I200  |Y 179  |7 110 
856 4 |a info a plný text  |u http://is.stuba.sk/zp/portal_zp.pl?podrobnosti=22978  |3 VAIS 
996 |l II680  |s P  |a 0  |w stu220608_0001